El estado de la gobernabilidad en América Latina. (Registro nro. 14725)

Detalles MARC
000 -LEADER
fixed length control field 01402nam a2200277 a 4500
001 - CONTROL NUMBER
control field 000043529
003 - CONTROL NUMBER IDENTIFIER
control field DO-SdBNP
005 - DATE AND TIME OF LATEST TRANSACTION
control field 20240710102828.0
008 - FIXED-LENGTH DATA ELEMENTS--GENERAL INFORMATION
fixed length control field 140324s2005 dr 000 0 spa d
020 ## - INTERNATIONAL STANDARD BOOK NUMBER
International Standard Book Number 9945412167
040 ## - CATALOGING SOURCE
Original cataloging agency DO-SdBNP
Language of cataloging spa
Transcribing agency BPMSU
082 #4 - DEWEY DECIMAL CLASSIFICATION NUMBER
Classification number 320.98
Item number S456e 2005
Edition number 22
111 2# - MAIN ENTRY--MEETING NAME
Meeting name or jurisdiction name as entry element Encuentro del Grupo Biarritz
Number of part/section/meeting (2 :
Date of meeting 2004 :
Location of meeting La Romana, República Dominicana)
245 13 - TITLE STATEMENT
Title El estado de la gobernabilidad en América Latina.
260 ## - PUBLICATION, DISTRIBUTION, ETC. (IMPRINT)
Place of publication, distribution, etc. Santo Domingo :
Name of publisher, distributor, etc. FUNGLODE,
Date of publication, distribution, etc. 2005.
300 ## - PHYSICAL DESCRIPTION
Extent xii, 167 p. ;
Dimensions 23 cm.
505 0# - FORMATTED CONTENTS NOTE
Formatted contents note Introducción --
Statement of responsibility Rafael Toribio --
-- Palabras de bienvenida --
-- Leonel Fernández --
-- Didier Borotra --
-- Ernesto Samper --
-- Patricio Aylwin --
-- Nicky Fabiancic --
Title Debate I --
-- Comunicación y medios de información: Aliados de la gobernabilidad o responsables de la ingobernabilidad?
-- Documento de debate, Newlink
-- Debate II --
-- Palabras de cierre --
Statement of responsibility Leonel Fernández .
590 ## - LOCAL NOTE (RLIN)
Local note Inventariado, 2024/VM
650 #4 - SUBJECT ADDED ENTRY--TOPICAL TERM
Topical term or geographic name as entry element Medios de comunicación de masas
General subdivision Aspectos políticos
-- República Dominicana
-- Congresos, conferencias, etc.
650 #4 - SUBJECT ADDED ENTRY--TOPICAL TERM
Topical term or geographic name as entry element Estabilidad política
Geographic subdivision América Latina
General subdivision Congresos, conferencias, etc.
651 #4 - SUBJECT ADDED ENTRY--GEOGRAPHIC NAME
Geographic name América Latina
General subdivision Política y gobierno
-- Congresos, Conferencias, etc.
710 2# - ADDED ENTRY--CORPORATE NAME
Corporate name or jurisdiction name as entry element Fundación Global Democracía y Desarrollo
710 z# - ADDED ENTRY--CORPORATE NAME
Corporate name or jurisdiction name as entry element FUNGLODE
910 ## - USER-OPTION DATA (OCLC)
User-option data VMateo V. Control de calidad. BPMSU
942 ## - ADDED ENTRY ELEMENTS (KOHA)
Source of classification or shelving scheme Dewey Decimal Classification
Koha item type Libros
Existencias
Withdrawn status Lost status Source of classification or shelving scheme Damaged status Not for loan Collection code Home library Current library Date acquired Total Checkouts Full call number Barcode Date last seen Price effective from Koha item type
    Dewey Decimal Classification     Colección Dominicana Biblioteca Pública Metropolitana Salomé Ureña Biblioteca Pública Metropolitana Salomé Ureña 07/10/2024   BPMSU CD 320.98 S456e 2005 BPMSU24070042 07/10/2024 07/10/2024 Libros